00350nam a2200121Ia 4500008004000000082001800040100005300058245003800111250000500149260004700154300000800201650001900209210210b1962 xxu||||| |||| 00| 0 eng d a940.5421 DIXC aDIXON (Brigadier C Aubrey) and Heilbrunn (Otto). aCommunist guerilla warfare. Ed 2. a aNew Delhi.bThe English Book Store.,c1962 a229 aII World War